Statistiques concernant Rois et Reines de Suède

Cliquez ici pour prendre le quiz!

Statistiques générales

  • Ce quiz a été pris 80 fois
  • Le résultat moyen est 36 sur 81

Statistiques - réponses

DatesMonarque% Correct
1604-1611Charles IX
87%
1161-1167Charles VII
87%
1448-1457Charles VIII
87%
1464-1470Charles VIII
87%
1654-1660Charles X
87%
1660-1697Charles XI
87%
1697-1718Charles XII
87%
1809-1818Charles XIII
87%
1818-1844Charles XIV
87%
1872-1907Charles XV
87%
1859-1872Charles XV
87%
1973-Charles XVI
87%
1523-1560Gustave Ier
76%
1611-1632Gustave II
76%
1771-1792Gustave III
76%
1792-1809Gustave IV
76%
1907-1950Gustave V
76%
1950-1973Gustave VI
76%
1751-1771Adolphe-Frédéric
63%
1216-1222Jean Ier
63%
1497-1501Jean II
63%
1569-1592Jean III
63%
1720-1751Frédéric Ier
59%
1457-1464Christian Ier
54%
1520-1521Christian II
54%
1632-1654Christine
50%
IXème siècleEric II
48%
IXème siècleEric III
48%
IXème siècleEric IV
48%
11561160Eric IX
48%
~950Eric V
48%
970-995Eric VI
48%
1066-1067Eric VII
48%
1066-1067Eric VIII
48%
1208-1216Eric X
48%
1222-1229Eric XI
48%
1234-1250Eric XI
48%
1356-1359Eric XII
48%
1396-1439Eric XIII
48%
1560-1568Eric XIV
48%
1084-1087Sven
43%
1167-1196Knut Ier
41%
1229-1234Knut II
41%
1844-1859Oscar Ier
39%
1872-1907Oscar II
39%
1389-1412Marguerite
35%
1075-1079Haakon Ier
33%
1362-1364Haakon II
33%
1125-1130Magnus Ier
28%
1160-1661Magnus II
28%
1275-1290Magnus III
28%
1319-1364Magnus IV
28%
1105-1118Philippe
28%
1440-1448Christophe
26%
1364-1389Albert
24%
IXème siècleOlof Ier
24%
~940Olof II
24%
~970-~970Olof III
24%
995-1022Olof IV
24%
IXème siècleBjörn Ier
22%
IXème siècleBjörn II
22%
IX-Xème siècleBjörn III
22%
1592-1599Sigismond
22%
1718-1720Ulrique-Eléonore
20%
1250-1275Valdemar
20%
1080-1105Inge Ier
15%
1105-1125Inge II
15%
1022-1050Anund III
13%
1070-1075Anund IV
13%
1290-1318Birger
13%
~950Emund Ier
13%
~950-~970Emund II
13%
1050-1060Emund III
13%
1167-1169Burislev
11%
1080-1084Halsten
11%
1067-1070Halsten
11%
1167-1173Kol
11%
1125-1130Ragnvald
11%
1060-1066Stenkil
11%
1130-1156Sverker Ier
11%
1196-1208Sverker II
11%

Distribution des résultats

Percentile par nombre de réponses

% des personnes avec chaque résultat

Votre développement - résultats

Vous n’avez pas pris ce quiz